[Event "EGY-ch Masters"]
[Site "Cairo"]
[Date "2009.11.16"]
[Round "2.1"]
[White "Moustafa, Talaat"]
[Black "Yousry, Salah"]
[Result "0-1"]
[WhiteElo "2129"]
[BlackElo "2292"]
[PlyCount "88"]
[EventDate "2009.11.15"]
[EventType "swiss"]
[EventRounds "8"]
[EventCountry "EGY"]
[SourceTitle "EXT 2024"]
[Source "ChessBase"]
[SourceDate "2023.10.10"]
[SourceVersion "1"]
[SourceVersionDate "2023.10.10"]
[SourceQuality "1"]

1. c4 e5 2. Nc3 Nc6 3. Nf3 g6 4. g3 Bg7 5. Bg2 d6 6. d3 Nge7 7. 0-0 h6 8. Rb1 f5 9. Bd2 0-0 10. e3 Be6 11. Qe2 Qe8 12. d4 Bf7 13. d5 Nb8 14. Ne1 c6 15. e4 Nd7 16. Nd3 Nf6 17. f3 g5 18. Nf2 Bg6 19. Rbd1 c5 20. a3 f4 21. gxf4 exf4 22. Bh3 Nd7 23. Nb5 Ne5 24. Nxd6 Qb8 25. Nb5 a6 26. Nc3 h5 27. Be6+ Kh7 28. h3 Qd6 29. b3 Rad8 30. Nd3 Nxd3 31. Qxd3 Qxe6 32. dxe6 Rxd3 33. Nd5 Nc6 34. Kg2 Nd4 35. e7 Re8 36. b4 Nxf3 37. Bc1 Bxe4 38. Kf2 Nd4 39. Rxd3 Bxd3 40. Re1 Nf5 41. bxc5 Bxc4 42. Nc7 Rxe7 43. Rxe7 Nxe7 44. h4 Be5 0-1

[Event "Golden Cleopatra op 6th"]
[Site "Cairo"]
[Date "2002.04.14"]
[Round "8"]
[White "Kopylov, Michael"]
[Black "Moustafa, Talaat"]
[Result "1-0"]
[WhiteElo "2418"]
[BlackElo "2153"]
[PlyCount "69"]
[EventDate "2002.04.07"]
[EventType "swiss"]
[EventRounds "11"]
[EventCountry "EGY"]
[SourceTitle "CBM 087 Extra"]
[Source "ChessBase"]
[SourceDate "2002.05.03"]
[SourceVersion "2"]
[SourceVersionDate "2002.08.09"]
[SourceQuality "1"]

1. d4 Nf6 2. c4 c5 3. d5 b5 4. cxb5 a6 5. bxa6 g6 6. Nc3 Bg7 7. f4 d6 8. e4 Nbd7 9. Nf3 0-0 10. Bd3 Qb6 11. Qe2 Bxa6 12. Bxa6 Qxa6 13. e5 Qxe2+ 14. Kxe2 dxe5 15. fxe5 Ng4 16. e6 fxe6 17. dxe6 Nb6 18. Bg5 Nf6 19. Rac1 Rfc8 20. Rhe1 h6 21. Be3 Nc4 22. Rc2 Nxe3 23. Kxe3 Ra6 24. Kd3 Rd6+ 25. Kc4 Rb6 26. a3 Ne8 27. Nd5 Nd6+ 28. Kd3 Rb3+ 29. Kd2 Kf8 30. Nf4 Ke8 31. Nxg6 c4 32. Ng1 Rc5 33. Kc1 c3 34. bxc3 Rbxc3 35. Ree2 1-0

[Event "Golden Cleopatra op 6th"]
[Site "Cairo"]
[Date "2002.04.12"]
[Round "6"]
[White "Hassan, Sayed Barakat"]
[Black "Moustafa, Talaat"]
[Result "1-0"]
[WhiteElo "2345"]
[BlackElo "2153"]
[PlyCount "95"]
[EventDate "2002.04.07"]
[EventType "swiss"]
[EventRounds "11"]
[EventCountry "EGY"]
[SourceTitle "CBM 087 Extra"]
[Source "ChessBase"]
[SourceDate "2002.05.03"]
[SourceVersion "2"]
[SourceVersionDate "2002.08.09"]
[SourceQuality "1"]

1. e4 c5 2. Nf3 Nc6 3. Ng1 Nb8 4. Nc3 Nc6 5. f4 d6 6. Nf3 g6 7. Bb5 Bg7 8. Bxc6+ bxc6 9. d3 Nf6 10. 0-0 0-0 11. Qe1 Ne8 12. f5 d5 13. fxg6 fxg6 14. Qh4 Rb8 15. Bh6 Qd6 16. Ng5 Rxf1+ 17. Rxf1 Bf6 18. Qe1 Ng7 19. Nf3 e5 20. b3 Bd7 21. Ng5 Qe7 22. exd5 Bxg5 23. d6 Qd8 24. Bxg5 Qxg5 25. Ne4 Qd8 26. Nf6+ Kh8 27. Qxe5 Be6 28. Qxc5 Qb6 29. d4 Qxc5 30. dxc5 Rf8 31. a3 Bf5 32. Ng4 Ne6 33. Ne5 Kg7 34. b4 Nd4 35. c3 Ne2+ 36. Kh1 Nxc3 37. Nxc6 a6 38. Nd4 Nb5 39. Nxf5+ gxf5 40. a4 Nd4 41. Rd1 Ne6 42. c6 Rc8 43. b5 Kf6 44. g3 Ke5 45. d7 Rb8 46. d8Q Rxd8 47. Rxd8 axb5 48. axb5 1-0

[Event "Golden Cleopatra op 3rd"]
[Site "Cairo"]
[Date "1999.04.13"]
[Round "3"]
[White "Hamed, Ahmed"]
[Black "Moustafa, Talaat"]
[Result "1-0"]
[WhiteElo "2349"]
[BlackElo "2265"]
[PlyCount "138"]
[EventDate "1999.04.11"]
[EventType "swiss"]
[EventRounds "9"]
[EventCountry "EGY"]
[SourceTitle "CBM 069 Extra"]
[Source "ChessBase"]
[SourceDate "1999.05.10"]
[SourceVersion "1"]
[SourceVersionDate "1999.05.10"]
[SourceQuality "1"]

1. d4 Nf6 2. c4 c5 3. d5 b5 4. a4 bxc4 5. Nc3 d6 6. e4 g6 7. Bxc4 Bg7 8. Nge2 Nbd7 9. 0-0 0-0 10. f4 Rb8 11. a5 Ne8 12. Ra2 Nc7 13. Qd3 Rb4 14. b3 Nb8 15. Bb2 Nba6 16. Nd1 Bxb2 17. Nxb2 Rb8 18. Qd2 Nb4 19. Raa1 f6 20. e5 Kg7 21. Nc3 Bf5 22. Rfc1 h5 23. e6 h4 24. Nbd1 Bg4 25. Ne3 Bh5 26. Qf2 f5 27. Qxh4 Rh8 28. h3 Qf8 29. Qg5 Bf3 30. Rf1 Rh5 31. Qg3 Bxg2 32. Qxg2 Qf6 33. Rf3 Rbh8 34. Rd1 Kf8 35. Ne2 R8h6 36. Kh2 Qh8 37. Ng1 Ne8 38. Rg3 Qf6 39. Rg5 Ng7 40. Rxh5 Nxh5 41. Qg5 Qb2+ 42. Be2 Qg7 43. Nf3 Nf6 44. Rg1 Qh8 45. Bf1 Nbxd5 46. Nxd5 Nxd5 47. Qg3 Qc3 48. Ng5 Qd2+ 49. Rg2 Qxf4 50. Qxf4 Nxf4 51. Rf2 Nd5 52. Bg2 Nf6 53. Rc2 Rh4 54. Rc4 Rh5 55. h4 Ng4+ 56. Kg3 Ne5 57. Ra4 Kg7 58. b4 f4+ 59. Kh3 cxb4 60. Rxb4 Nd3 61. Rb7 Nf2+ 62. Kh2 Kf6 63. Rxa7 Rxh4+ 64. Kg1 Nd3 65. Nf3 Kxe6 66. a6 Nb4 67. Ra8 Nxa6 68. Rxa6 Rh5 69. Nd4+ Kf6 1-0